<?xml version="1.0" encoding="UTF-8"?>
<collection xmlns:xsi="http://www.w3.org/2001/XMLSchema-instance" xsi:schemaLocation="http://www.loc.gov/MARC21/slim http://www.loc.gov/standards/marcxml/schema/MARC21slim.xsd" xmlns="http://www.loc.gov/MARC21/slim">
 <record>
  <leader>00000cab a22000004cb4500</leader>
  <controlfield tag="001">IPP-00000656651</controlfield>
  <controlfield tag="003">IPP</controlfield>
  <controlfield tag="005">20230428150406.0</controlfield>
  <controlfield tag="008">230428s2003    xx     d | ||r |||||eng||</controlfield>
  <datafield tag="041" ind1="#" ind2="#">
   <subfield code="a">eng</subfield>
  </datafield>
  <datafield tag="100" ind1="1" ind2="#">
   <subfield code="a">Mendoza, M. E. T.</subfield>
  </datafield>
  <datafield tag="245" ind1="1" ind2="0">
   <subfield code="a">Knowledge, attitudes, and practices (KAP) towards toxic and and hazardous substances</subfield>
   <subfield code="b">the case of selected communities in Bulacan, Philippines</subfield>
  </datafield>
  <datafield tag="264" ind1="#" ind2="1">
   <subfield code="c">2003</subfield>
  </datafield>
  <datafield tag="520" ind1="#" ind2="#">
   <subfield code="a">Meycauayan City and Marilao, Bulacan, Philippines were listed as two of the most polluted cities in the developing world due to the industrial wastes in the MMORS (Blacksimith Institute, 2007). In recent years, these areas had become the biggest producers of the ULAB in the country and Southeast Asia. This study was conducted to determine the KAP of the people in Meycauayan and Marilao towards toxic and hazardous substances present in their respective community and their environment. Many of them associated in their diseases to their exposures to the chemicals and fumes from the industries mentioned. However, They have undecide attitude towards these industries since they recognized the community people as well. While the local government units concerned and other civil society groups have started to work together to address this pressing problem, identifying  the knowledge, attitudes and behavior of the community people towards the pressing problem is identified very important.</subfield>
  </datafield>
  <datafield tag="650" ind1="1" ind2="0">
   <subfield code="a">Hazardous substances</subfield>
  </datafield>
  <datafield tag="700" ind1="1" ind2="#">
   <subfield code="a">Visco, E. S.</subfield>
  </datafield>
  <datafield tag="700" ind1="1" ind2="#">
   <subfield code="a">Jimena, C. G.</subfield>
  </datafield>
  <datafield tag="700" ind1="1" ind2="#">
   <subfield code="a">Amparo, J. S.</subfield>
  </datafield>
  <datafield tag="773" ind1="0" ind2="#">
   <subfield code="t">Compendium of Human Ecology Researches in the Philippines</subfield>
   <subfield code="g">(2003 - 2013), 25</subfield>
  </datafield>
  <datafield tag="942" ind1="#" ind2="#">
   <subfield code="a">Article</subfield>
  </datafield>
  <datafield tag="950" ind1="#" ind2="#">
   <subfield code="a">FI</subfield>
  </datafield>
 </record>
</collection>
